| 000 | 00604nam a2200205Ia 4500 | ||
|---|---|---|---|
| 005 | 20250508165815.0 | ||
| 008 | 008 250505s9999 xx 000 0 eng d | ||
| 037 | _aTextual | ||
| 040 |
_aFEDL _beng _cFEDL |
||
| 041 |
_aeng _2eng |
||
| 084 |
_a428.007, SAH _qFEDL |
||
| 100 | _aSahi Jane | ||
| 245 | 0 | _aIn our own words: A resource book for primary school teachers | |
| 260 |
_aMadhya Pradesh, India _bEklavya Publications _c2015 |
||
| 300 | _a160p. | ||
| 365 |
_aINR _b380 |
||
| 546 | _aGifted by Prof. Krishna Kumar | ||
| 942 |
_cTEXL _h428.007, SAH |
||
| 999 |
_c1397574 _d1397574 |
||